000 00268nam a22001217a 4500
082 _a823
_bMAR/A
100 _aTWAIN, MARK
245 _aTHE ADVENTURES OF TOM SAWYER
260 _aDELHI
_bMACMILLAN
_c1974
300 _a168
650 _aENGLISH STORY
_zINDIA
942 _cBK
999 _c7300
_d7300